Salambo /

Hlavní autor: Flaubert, Gustave, 1821-1880
Další autoři: Felix, Jozef, 1913-1977
Jazyk: Slovenština
Vydáno: Bratislava : Slovenské vydavateľstvo krásnej literatúry, 1963
Vydání: 2. vyd.
Edice: Svetoví klasici (Slovenské vydavateľstvo krásnej literatúry)
Fyzický popis: 281 s. ; 8°
Knihy
Uloženo v:
LEADER 00999nam a22002652a 4500
001 001379765
003 CZ BrMZK
005 20140618143614.0
007 ta
008 140409s1963 xo er|||||||||||slo d
040 |a ABA001  |b cze  |c ABA001  |d ABA001  |d BOA001 
041 1 |a slo  |h fre 
100 1 |a Flaubert, Gustave,  |d 1821-1880  |7 jn19990002312  |4 aut 
245 1 0 |a Salambo /  |c Gustave Flaubert ; z francúzského originálu ... preložil, doslov napísal a poznámky spracoval Jozef Felix 
250 |a 2. vyd. 
260 |a Bratislava :  |b Slovenské vydavateľstvo krásnej literatúry,  |c 1963 
300 |a 281 s. ;  |c 8° 
490 1 |a Svetoví klasici ;  |v zv. 127 
700 1 |a Felix, Jozef,  |d 1913-1977  |7 jn19981001047  |4 trl  |4 edt 
765 0 |t Salambô  |9 Slovensky 
830 0 |a Svetoví klasici (Slovenské vydavateľstvo krásnej literatúry) 
910 |a BOA001  |b 2-0498.462 
990 |a BK 
991 |b 201403 
996 7 |b 2619051169  |c 2-0498.462  |l MZK  |r Sklad / do 24 hodin  |n 1  |w 001414781  |u 000010  |a 1  |e BOA001  |j MZK50  |s A